LIBRARY & INFORMATION CENTRE, KCAET, TAVANUR

ONLINE PUBLIC ACCESS CATALOGUE (OPAC)

Fundamentals of Database Systems (Record no. 14397)

MARC details
000 -LEADER
fixed length control field 00345nam a22001457a 4500
020 ## - INTERNATIONAL STANDARD BOOK NUMBER
ISBN 9788131716250
082 ## - DEWEY DECIMAL CLASSIFICATION NUMBER
Classification number 005.7406
Item number ELM/FU
100 ## - MAIN ENTRY--AUTHOR NAME
Personal name Elmasri,Ramez
100 ## - MAIN ENTRY--AUTHOR NAME
Personal name Navathe,Shamkant,B
245 ## - TITLE STATEMENT
Title Fundamentals of Database Systems
250 ## - EDITION STATEMENT
Edition statement 5 th
260 ## - PUBLICATION, DISTRIBUTION, ETC. (IMPRINT)
Place of publication New Delhi
Name of publisher Pearson
Year of publication 2013
300 ## - PHYSICAL DESCRIPTION
Number of Pages 1143
942 ## - ADDED ENTRY ELEMENTS (KOHA)
Koha item type Books
Holdings
Withdrawn status Lost status Damaged status Collection code Home library Current library Shelving location Date acquired Source of acquisition Cost, normal purchase price Full call number Accession Number Koha item type
        KAUAET KAUAET General Stacks 30/03/2013 Aman Book Stall, Calicut 575.00 005.7406 ELM/FU 24015 Books
free website counter